000 00304nam a22001337a 4500
008 170419b xxu||||| |||| 00| 0 eng d
020 _a9780072318890
041 _aeng
080 _28 ED
_a579
100 _a11
101 _aSHM
245 _aMICROBIOLOGICAL APPLICATION
_cBENSON.H.J
942 _2udc
_cBK
999 _c11177
_d11177